Endgame in South Africa? : the changing structures & ideology of apartheid /

Bibliographic Details
Main Author: Cohen, Robin
Format: Book
Language:English
Published: London : Paris : J. Currey ; Unesco Press ; 1986.
Subjects:

MARC

Tag First Indicator Second Indicator Subfields
LEADER 00000cam a2200000 a 4500
001 in00000578021
005 20151014082746.0
008 861029s1986 enk b 00110 eng
010 |a  86218903  
020 |a 0852553080 (pbk.) :  |c 4.95 
020 |a 9231024329 (Unesco) 
035 |a (OCoLC)15592393 
035 |9 ACQ2119AM 
040 |a DLC  |c DLC  |d m/c  |d TXA  |d UtOrBLW 
043 |a f-sa--- 
049 |a TXAM  |c [A10879555] 
050 0 0 |a DT763  |b .C64 1986 
082 0 |a 323.1/68  |2 19 
100 1 |a Cohen, Robin. 
245 1 0 |a Endgame in South Africa? :  |b the changing structures & ideology of apartheid /  |c Robin Cohen. 
264 1 |a London :  |b J. Currey ;  |a Paris :  |b Unesco Press ;  |c 1986. 
264 2 |a Letchworth, Hertfordshire :  |b J.M. Dent [distribution] ; 
264 2 |a Birmingham :  |b Third World Publications [distribution], 
300 |a x, 108 pages ;  |c 22 cm. 
336 |a text  |b txt  |2 rdacontent 
337 |a unmediated  |b n  |2 rdamedia 
338 |a volume  |b nc  |2 rdacarrier 
500 |a Includes index. 
504 |a Bibliography: pages [97]-105. 
650 0 |a Apartheid  |z South Africa. 
999 |a MARS 
999 f f |s 27d0c96f-b737-3237-81ea-8d427426723f  |i 3d2ffdab-64d8-3957-84c4-6c95291ff9b3  |t 0 
952 f f |p ric  |a Texas A&M University  |b Rellis Campus  |c Joint Library Facility  |d Remote Storage  |t 0  |e DT763 .C64 1986  |h Library of Congress classification  |i unmediated -- volume  |m A14810879555 
998 f f |a DT763 .C64 1986  |t 0  |l Remote Storage